=LDR 00000nam 2200000 4500 =001 INLIS000000000045368 =005 20150122131445.0 =006 =007 =008 =020 ##$$a 978-979-22-4780-0 =035 ##$$0010-011500000000194 =040 ##$$a Ind =082 ##$$a 658.409 =090 ##$$a 658.409$brac f.1 =100 ##$$a Rachman,Eileen =245 ##$$a Fit & Proper =260 ##$$a Jakarta$bgramedia$c2009 =300 ##$$a 248 hlm$c21cm =850 ##$$a NBPDMAT =990 ##$$a 0001/BPAP-NTB/20142015